000 00269nam a2200109Ia 4500
008 190913s9999||||xx |||||||||||||| ||und||
100 _aLawrence J. Gitman
245 0 _aPrinciples Of Mangerial Finance
260 _aUSA
_b McGraw Hill
_c1993
300 _a522
942 _cBK
999 _c8127
_d8127